| 000 | 00654nam a22001817a 4500 | ||
|---|---|---|---|
| 999 |
_c18627 _d18627 |
||
| 003 | AR-CdUCM | ||
| 008 | 190514b ||||| |||| 00| 0 spa d | ||
| 040 |
_aMUNICIPALIDAD PROVINCIAL DEL CUSCO _cBIBLIOTECA MUNICIPAL DEL CUSCO |
||
| 082 |
_a375.32 / _bP19 |
||
| 100 |
_aPaulau Ives G. _939326 |
||
| 245 | _aManual de los medios didácticos / | ||
| 260 |
_aPerú : _bUniverso, |
||
| 300 |
_a225 páginas ; _c21 cm. |
||
| 505 | _aContenido : El medio didáctico -- El objeto real -- La maqueta -- La proyección de imágenes animadas -- Los paneles y los afiches ... | ||
| 650 |
_aDidácticos. _939327 |
||
| 942 |
_2ddc _cLIBROS |
||
| 945 |
_arum _d2019-05-14 |
||